000 00503nam a2200169Ia 4500
005 20250508160006.0
008 008 250505s9999 xx 000 0 eng d
037 _aBooks to be hide in OPAC
040 _aFEDL
_beng
_cFEDL
041 _aeng
_2eng
084 _a379.541 6, ASS/O
_qFEDL
100 _aRoy S C
_994101
245 0 _aProgress of education in Assam 1927-28 to 1931-32 quinquennial review
260 _c1932
942 _cHB
_h379.541 6, ASS/O
999 _c1360779
_d1360779